1790 1871 1297 1343 1686 1061 1026 1858 1756 1455 1596 1389 1739 1440 1954 1604 1207 1571 1071 1927 1600 1369 1479 1843 1717 1971 1821 1062 1186 1296 1002 1883 1375 1714 1368 1204 1628 1594 1801 1342 1734 1830 1673 1113 1394 1999 1310 1607 1335 1132 1962 1671 1910 1697 1702 1226 1351 1991 1948 1884 1514 1738 1763 1509 1665 1801 1978 1215 1738 1597 1951 1877 1880 1326 1972 1168 1091 1309 1250 1952 1460 1541 1225 1325 1669 1402 1746 1922 1145 1452 1458 1603 1527 1404 1731 1693 1108 1628 1991 BCNSPRNW ULIB Ver.6.0+V

เปลี่ยนเป็นภาษาไทย

Change to English
 แสดงรายละเอียดบรรณานุกรม
  กลับหน้าหลัก

Brief Record : Get Marc (ISO 2709) : E-mail record : QR code < ปิดหน้าต่าง
LEADER : 00000nam 2200000uu 4500
001    13399112207
003     ULIB
008    110801s2554||||th 000 0 tha d
020    9786160602421
090    นว.^bอ525พ 2554
100 0  อัญชรีย์
245 00 พันธนาการดาว./^cอัญชรีย์
250    พิมพ์ครั้งที่ 2
260    กรุงเทพฯ:^bแจ่มใส, ^c2554.
300    355 หน้า
945    ^p219^l0^i18462
995    เกษร
999 ^a ใช้งานได้ทุกระบบ
รายการนี้ยังไม่มีแท็ก
คุณยังไม่ได้ล็อกอิน คุณสามารถมีกิจกรรมร่วมกับเว็บไซต์ได้ แต่ต้องล็อกอินก่อน ::
  ล็อกอิน

รายการสื่อสารสนเทศ

ลำดับที่ ประเภท เลขเรียก/บาร์โค้ด สถานที่ สถานะ
1. นวนิยาย
นวนิยาย
นว. อ525พ 2554  
  Barcode: 18462
ห้องสมุดวิทยาเขตสวรรค์ประชารักษ์
►นวนิยาย
บนชั้น
  ขอยืม

รายการใกล้เคียง
    ผู้แต่ง [อัญชรีย์]

BibComment


ยังไม่เคยถูกคอมเมนท์

คอมเมนท์ทรัพยากรรายการนี้
  คอมเมนท์: พันธนาการดาว อัญช..


 Copyright 2026. Bcnsprnw @Library